Online katalóg knižníc regiónu Turca

Kamaráti zvieratká (Record no. 21734)

MARC details
000 -LEADER
fixed length control field 02019nam a2200601 a 4500
001 - CONTROL NUMBER
control field 21734
003 - CONTROL NUMBER IDENTIFIER
control field VRT
005 - DATE AND TIME OF LATEST TRANSACTION
control field 20260309110126.0
008 - FIXED-LENGTH DATA ELEMENTS--GENERAL INFORMATION
fixed length control field 160610s2013 xo a a 000 p slo
015 ## - NATIONAL BIBLIOGRAPHY NUMBER
National bibliography number SNBA2013/07
020 ## - INTERNATIONAL STANDARD BOOK NUMBER
International Standard Book Number 9788080897543 (viaz.)
035 ## - SYSTEM CONTROL NUMBER
System control number 7D5DBBAB-F6DE-403C-ACF3-5B494D8E2696
035 ## - SYSTEM CONTROL NUMBER
System control number urn:nbn:sk:snk-aml022
035 ## - SYSTEM CONTROL NUMBER
System control number urn:nbn:sk:snk-am008oa6
039 #9 - LEVEL OF BIBLIOGRAPHIC CONTROL AND CODING DETAIL [OBSOLETE]
Level of rules in bibliographic description 201606101514
Level of effort used to assign nonsubject heading access points VLOAD
Level of effort used to assign subject headings 201604301133
Level of effort used to assign classification VLOAD
Level of effort used to assign subject headings 201601280957
Level of effort used to assign classification VLOAD
Level of effort used to assign subject headings 201411101530
Level of effort used to assign classification mtotk19
040 ## - CATALOGING SOURCE
Original cataloging agency POKPOH
Language of cataloging slo
Transcribing agency POKPOH
Modifying agency SNK
Description conventions AACR2
041 1# - LANGUAGE CODE
Language code of text/sound track or separate title slo
Language code of original cze
044 ## - COUNTRY OF PUBLISHING/PRODUCING ENTITY CODE
MARC country code xo
ISO country code SK
072 #7 - SUBJECT CATEGORY CODE
Subject category code 59
Subject category code subdivision Zoológia
Source konspekt
072 #7 - SUBJECT CATEGORY CODE
Subject category code 821-93
Subject category code subdivision Literatúra pre deti a mládež (beletria)
Source konspekt
080 ## - UNIVERSAL DECIMAL CLASSIFICATION NUMBER
Universal Decimal Classification number 592/599
Edition identifier 2001
080 ## - UNIVERSAL DECIMAL CLASSIFICATION NUMBER
Universal Decimal Classification number 821-1
Edition identifier 2001
080 ## - UNIVERSAL DECIMAL CLASSIFICATION NUMBER
Universal Decimal Classification number 821-93
Edition identifier 2001
100 1# - MAIN ENTRY--PERSONAL NAME
Personal name Dalmádyová, Iveta
Relationship aut
-- trl
240 10 - UNIFORM TITLE
Uniform title Kamarádi zvířátka
Language of a work Slovensky
245 10 - TITLE STATEMENT
Title Kamaráti zvieratká
Statement of responsibility, etc. [text] Ivet Dalmády ; [ilustrovali Barbora Dančová ... [et al.]]
250 ## - EDITION STATEMENT
Edition statement 1. vyd.
260 ## - PUBLICATION, DISTRIBUTION, ETC.
Place of publication, distribution, etc. Bratislava
Name of publisher, distributor, etc. Fragment
Date of publication, distribution, etc. 2013
300 ## - PHYSICAL DESCRIPTION
Extent 80 s.
Other physical details fareb. ilustr.
Dimensions 22 cm
521 ## - TARGET AUDIENCE NOTE
Target audience note Pre deti od 3 rokov
650 07 - SUBJECT ADDED ENTRY--TOPICAL TERM
Topical term or geographic name entry element živočíchy
Source of heading or term SNKPH
650 07 - SUBJECT ADDED ENTRY--TOPICAL TERM
Topical term or geographic name entry element Animals
Source of heading or term SNKPHeng
655 #7 - INDEX TERM--GENRE/FORM
Genre/form data or focus term poézia
Source of term SNKPH
655 #7 - INDEX TERM--GENRE/FORM
Genre/form data or focus term Poetry
Source of term SNKPHeng
655 #7 - INDEX TERM--GENRE/FORM
Genre/form data or focus term publikácie pre deti
Source of term SNKPH
655 #7 - INDEX TERM--GENRE/FORM
Genre/form data or focus term Children's literature
Source of term SNKPHeng
700 1# - ADDED ENTRY--PERSONAL NAME
Personal name Dančová, Barbora
Relationship ill
700 1# - ADDED ENTRY--PERSONAL NAME
Personal name Balcarová-Hladká, Veronika
Relationship ill
700 1# - ADDED ENTRY--PERSONAL NAME
Personal name Lockerová, Jiřina,
Dates associated with a name 1957-
Relationship ill
700 1# - ADDED ENTRY--PERSONAL NAME
Personal name Polák, Jiří
Relationship ill
700 1# - ADDED ENTRY--PERSONAL NAME
Personal name Ptáček, Petr,
Dates associated with a name 1965-
Relationship ill
910 ## - USER-OPTION DATA (OCLC)
User-option data pokpoh
910 ## - USER-OPTION DATA (OCLC)
User-option data svkbb
910 ## - USER-OPTION DATA (OCLC)
User-option data snk
910 ## - USER-OPTION DATA (OCLC)
User-option data bin
910 ## - USER-OPTION DATA (OCLC)
User-option data totk
942 ## - ADDED ENTRY ELEMENTS (KOHA)
Source of classification or shelving scheme Dewey Decimal Classification
Koha item type Krásna literatúra pre deti
Suppress in OPAC No
949 ## - LOCAL PROCESSING INFORMATION (OCLC)
6 3870A22971
a binSL 074
b bin22971
949 ## - LOCAL PROCESSING INFORMATION (OCLC)
6 270001000416534
a svkbbA 138823
b svkbbm 737443
949 ## - LOCAL PROCESSING INFORMATION (OCLC)
6 17A1080237
a snkSC 155414
b snk2013/16824
o 1695/13
s 6100:20160127
949 ## - LOCAL PROCESSING INFORMATION (OCLC)
6 17A1080238
a snkSC 155414 D1
b snk2013/16825
o 1695/13
Holdings
Stav vyradenia Strata Poškodenie Spôsob nadobudnutia Domovská knižnica Aktuálna knižnica Dátum nadobudnutia Total checkouts Čiarový kód exemplára Date last seen Typ exemplára
      Dar Obecná knižnica Turčianska Štiavnička Obecná knižnica Turčianska Štiavnička 09.03.2026   4738000338 09.03.2026 Krásna literatúra pre deti
Projekt je podporený Slovenskou asociáciou knižníc
Prevádzkuje Turčianska knižnica Martin 2026